[Event "Bad Woerishofen op"]
[Site "Bad Woerishofen"]
[Date "2000.??.??"]
[Round "2"]
[White "Bartels, Holger"]
[Black "Reich, Thomas"]
[Result "1/2-1/2"]
[WhiteElo "2154"]
[BlackElo "2407"]
[PlyCount "200"]
[EventDate "1998.03.05"]
[Source "ChessBase"]
[SourceDate "1998.04.29"]

1. e4 c5 2. Nf3 Nc6 3. d4 cxd4 4. Nxd4 g6 5. c4 Bg7 6. Be3 Nf6 7. Nc3 O-O 8.
Be2 b6 9. O-O Bb7 10. f4 e5 11. Ndb5 exf4 12. Bxf4 Ne8 13. Bd6 Nxd6 14. Nxd6
Nd4 15. Nxb7 Qc7 16. e5 Nxe2+ 17. Qxe2 Qxb7 18. Nd5 Rae8 19. Nf6+ Bxf6 20. Rxf6
Re7 21. Rd1 Rfe8 22. Qf3 Qa6 23. Qd5 Qxa2 24. Rdf1 Qa5 25. Qxa5 bxa5 26. h3 Rb8
27. R1f2 Rb6 28. R6f3 Rbe6 29. Rd2 Rxe5 30. Rfd3 Re1+ 31. Kh2 Rc1 32. Rxd7 Rxd7
33. Rxd7 Rxc4 34. Rxa7 a4 35. Rb7 h5 36. b3 axb3 37. Rxb3 h4 38. Rb7 Kg7 39.
Ra7 g5 40. Ra6 f6 41. Rb6 Kg6 42. Ra6 Kf5 43. Rb6 Ke5 44. Rb5+ Ke4 45. Rb6 f5
46. Rg6 Kf4 47. Rg8 Rc1 48. Ra8 Re1 49. Ra4+ Re4 50. Ra8 Rd4 51. Rb8 Ke5 52.
Re8+ Kf6 53. Rf8+ Kg6 54. Rg8+ Kh6 55. Rh8+ Kg7 56. Rh5 Kg6 57. Rh8 Rd5 58.
Rg8+ Kf6 59. Kg1 f4 60. Kf2 Rd2+ 61. Kf3 Rd3+ 62. Kf2 Rg3 63. Ra8 Rd3 64. Rg8
Rc3 65. Ra8 Kg6 66. Ra6+ Kh5 67. Rf6 Rc8 68. Kf3 Rh8 69. Kf2 Rh6 70. Rf8 Re6
71. Rf7 Kg6 72. Rf8 Rd6 73. Rg8+ Kf5 74. Rf8+ Rf6 75. Rg8 Rg6 76. Rf8+ Ke5 77.
Re8+ Re6 78. Rg8 Kf5 79. Rf8+ Ke4 80. Rg8 Re5 81. Rg7 Ra5 82. Re7+ Kf5 83. Rf7+
Kg6 84. Rf8 Ra2+ 85. Kf3 Ra3+ 86. Kf2 Rb3 87. Rg8+ Kf6 88. Rf8+ Kg7 89. Ra8 f3
90. g3 g4 91. hxg4 h3 92. Ra1 Kf6 93. Rh1 Ke5 94. Rxh3 Ke4 95. Rh8 Rb2+ 96. Kf1
f2 97. Ra8 Kf3 98. Ra3+ Kxg4 99. Kg2 f1=Q+ 100. Kxf1 Kh3 1/2-1/2

[Event "Bad Woerishofen op"]
[Site "?"]
[Date "2000.??.??"]
[Round "4"]
[White "Bartels, Holger"]
[Black "Paehtz, Thomas"]
[Result "1/2-1/2"]
[WhiteElo "2154"]
[BlackElo "2423"]
[PlyCount "44"]
[EventDate "2000.??.??"]

1. e4 g6 2. d4 Bg7 3. Nc3 d6 4. Nf3 a6 5. a4 Nf6 6. Be2 O-O 7. O-O Nc6 8. Bf4
Bg4 9. Be3 e5 10. d5 Ne7 11. Nd2 Bxe2 12. Qxe2 Nh5 13. g3 Qd7 14. Kg2 Rae8 15.
Ncb1 f5 16. f3 fxe4 17. fxe4 Rxf1 18. Nxf1 Kh8 19. c4 Ng8 20. Nc3 Rf8 21. Nd2
Bh6 22. Rf1 Rxf1 1/2-1/2

[Event "Bad Woerishofen op"]
[Site "?"]
[Date "2000.??.??"]
[Round "5"]
[White "Bartels, Holger"]
[Black "Senff, Martin"]
[Result "1/2-1/2"]
[WhiteElo "2154"]
[BlackElo "2349"]
[PlyCount "118"]
[EventDate "2000.??.??"]

1. e4 e6 2. d4 d5 3. Nd2 Be7 4. Ngf3 Nf6 5. Bd3 c5 6. c3 Nc6 7. exd5 Qxd5 8.
Bc4 Qd8 9. dxc5 Bxc5 10. O-O Qc7 11. Qe2 O-O 12. Ne4 Be7 13. Bg5 Nd5 14. Bxe7
Ncxe7 15. Bxd5 Nxd5 16. c4 Nf4 17. Qe3 e5 18. Nc3 f6 19. b3 Qf7 20. Rad1 Be6
21. Ne2 Nxe2+ 22. Qxe2 Qg6 23. Nh4 Qg5 24. Nf3 Qh5 25. Rd6 Rae8 26. h3 Bf7 27.
Rfd1 f5 28. Qe3 e4 29. Ng5 Bg6 30. Qd2 e3 31. Qd5+ Kh8 32. Nf3 f4 33. Qxh5 Bxh5
34. Re1 Re7 35. Rd5 Bg6 36. Re5 Rfe8 37. Rxe7 Rxe7 38. fxe3 fxe3 39. Nh4 Bd3
40. g3 g6 41. Ng2 e2 42. Nf4 Bb1 43. Nd5 Re6 44. Nc3 Bd3 45. Kf2 Rf6+ 46. Ke3
Rf1 47. Kd2 Rf3 48. Nxe2 Bxe2 49. Rxe2 Rxg3 50. Re8+ Kg7 51. Re7+ Kf6 52. Rxh7
b5 53. Rxa7 bxc4 54. bxc4 Rxh3 55. Ra6+ Ke5 56. Rxg6 Kd4 57. Rg4+ Kc5 58. Re4
Ra3 59. Kc2 Rxa2+ 1/2-1/2

[Event "Bad Woerishofen op"]
[Site "?"]
[Date "2000.??.??"]
[Round "7"]
[White "Bartels, Holger"]
[Black "Stumpf, Heinz"]
[Result "1/2-1/2"]
[WhiteElo "2154"]
[BlackElo "2285"]
[PlyCount "57"]
[EventDate "2000.??.??"]

1. e4 d5 2. exd5 Qxd5 3. Nc3 Qa5 4. d4 c6 5. Nf3 Nf6 6. Be2 Bf5 7. O-O e6 8.
Ne5 Nbd7 9. Bf4 Nxe5 10. Bxe5 Be7 11. Bd3 Bg6 12. Ne2 Rd8 13. Nf4 Bxd3 14. Nxd3
c5 15. dxc5 Bxc5 16. Qf3 Bd4 17. Bxd4 Rxd4 18. Qxb7 O-O 19. b4 Qa4 20. Rfc1 Qa3
21. Rcb1 Qc3 22. Qxa7 e5 23. Qc5 Rc4 24. Qxe5 Qxc2 25. Ne1 Qa4 26. b5 Re8 27.
Qb2 Rce4 28. b6 Re2 29. Qc3 1/2-1/2

[Event "Bad Woerishofen op"]
[Site "?"]
[Date "2000.??.??"]
[Round "9"]
[White "Bartels, Holger"]
[Black "Ries, Berthold"]
[Result "1/2-1/2"]
[WhiteElo "2150"]
[BlackElo "1850"]
[PlyCount "23"]
[EventDate "2000.??.??"]

1. e4 c5 2. Nf3 d6 3. d4 cxd4 4. Nxd4 Nf6 5. Nc3 a6 6. Bg5 e6 7. f4 Nbd7 8. Qf3
Qc7 9. O-O-O b5 10. Be2 Bb7 11. Bxf6 Nxf6 12. g4 1/2-1/2

[Event "Bad Woerishofen op"]
[Site "Bad Woerishofen"]
[Date "2000.??.??"]
[Round "1"]
[White "Beck, Alexander"]
[Black "Paehtz, Elisabeth"]
[Result "0-1"]
[WhiteElo "1932"]
[BlackElo "2306"]
[PlyCount "46"]
[EventDate "1998.03.05"]
[Source "ChessBase"]
[SourceDate "1998.04.29"]

1. e4 g6 2. d4 Bg7 3. f4 c5 4. c3 cxd4 5. cxd4 Qb6 6. Nf3 Nc6 7. e5 Nh6 8. d5
Nb4 9. a3 Ng4 10. Qd2 Na6 11. Nc3 O-O 12. h3 Nh6 13. Qe3 Nc5 14. Bc4 d6 15. b4
Nd7 16. Qxb6 Nxb6 17. Bb3 dxe5 18. fxe5 Nf5 19. O-O h5 20. a4 a5 21. b5 Nd7 22.
Re1 b6 23. Ba3 Bb7 0-1

[Event "Bad Woerishofen op"]
[Site "?"]
[Date "2000.??.??"]
[Round "4"]
[White "Beck, Alexander"]
[Black "Rudolph, Peter"]
[Result "0-1"]
[WhiteElo "1932"]
[BlackElo "2201"]
[PlyCount "66"]
[EventDate "2000.??.??"]

1. e4 c5 2. Nf3 Nc6 3. d4 cxd4 4. Nxd4 Nf6 5. Nc3 Qb6 6. Nb3 e6 7. Be3 Qc7 8.
a3 a6 9. Be2 d6 10. O-O Be7 11. Qd2 O-O 12. Rad1 Ne5 13. Bf4 b6 14. Bxe5 dxe5
15. Qe3 Bb7 16. Rd2 Rac8 17. Rfd1 Qc6 18. f3 h6 19. Qf2 Rfd8 20. Qf1 Rxd2 21.
Rxd2 b5 22. Kh1 Qb6 23. Qg1 Qc7 24. Qd1 Bc6 25. Na2 Bxe4 26. fxe4 Nxe4 27. Rd7
Nf2+ 28. Kg1 Nxd1 29. Rxc7 Rxc7 30. Bxd1 f5 31. c3 Kf7 32. Kf1 Kf6 33. Nac1 e4
0-1

[Event "Bad Woerishofen op"]
[Site "?"]
[Date "2000.??.??"]
[Round "6"]
[White "Beck, Alexander"]
[Black "Maugg, Ludwig"]
[Result "1-0"]
[WhiteElo "1932"]
[BlackElo "2148"]
[PlyCount "87"]
[EventDate "2000.??.??"]

1. e4 c5 2. Nf3 Nc6 3. d4 cxd4 4. Nxd4 Nf6 5. Nc3 e5 6. Ndb5 d6 7. Nd5 Nxd5 8.
exd5 Nb8 9. c4 a6 10. Nc3 f5 11. Be3 Be7 12. Bd3 O-O 13. f3 Nd7 14. O-O Nf6 15.
Qc2 g6 16. Na4 Bd7 17. Nb6 Rb8 18. b4 e4 19. Be2 f4 20. Bd4 e3 21. Bd3 Be8 22.
a4 Nd7 23. Nxd7 Qxd7 24. a5 Bf6 25. Bxf6 Rxf6 26. b5 axb5 27. cxb5 Bf7 28. Qb2
Qe7 29. Be4 Qe5 30. Rfb1 g5 31. a6 bxa6 32. Rxa6 Qxb2 33. Rxb2 Be8 34. b6 Rf7
35. Ra7 Rfb7 36. Rxb7 Rxb7 37. Bd3 Bf7 38. Kf1 h6 39. Bc4 Kg7 40. Ba6 Rb8 41.
b7 Bxd5 42. Rc2 Be6 43. Rc7+ Kf6 44. Rc8 1-0

[Event "Bad Woerishofen op"]
[Site "?"]
[Date "2000.??.??"]
[Round "8"]
[White "Beck, Alexander"]
[Black "Liedtke, Dirk"]
[Result "0-1"]
[WhiteElo "1932"]
[BlackElo "2168"]
[PlyCount "40"]
[EventDate "2000.??.??"]

1. e4 g6 2. d4 Bg7 3. c3 d5 4. e5 f6 5. f4 Nh6 6. Nf3 O-O 7. Bd3 c5 8. O-O Qb6
9. b3 fxe5 10. fxe5 cxd4 11. cxd4 Nc6 12. Kh1 Bg4 13. Be3 Nxe5 14. Be2 Nxf3 15.
Bxf3 Bxf3 16. Rxf3 Rxf3 17. Qxf3 e6 18. Nc3 Rf8 19. Qh3 Nf5 20. Na4 Qb4 0-1

[Event "Bad Woerishofen op"]
[Site "Bad Woerishofen"]
[Date "2000.??.??"]
[Round "1"]
[White "Berchtold, Peter"]
[Black "Sailer, Wolfgang"]
[Result "0-1"]
[WhiteElo "1275"]
[BlackElo "2099"]
[PlyCount "56"]
[EventDate "1998.03.05"]
[Source "ChessBase"]
[SourceDate "1998.04.29"]

1. d4 f5 2. c4 Nf6 3. Nc3 g6 4. Nf3 Bg7 5. Bf4 O-O 6. e3 d6 7. Bd3 Qe8 8. c5
Nbd7 9. Bc4+ Kh8 10. Ng5 e5 11. dxe5 dxe5 12. Bg3 Nxc5 13. b4 Ne6 14. Nf3 f4
15. Bh4 fxe3 16. fxe3 Ng4 17. e4 Ne3 18. Qd2 Nxc4 19. Qe2 Nf4 20. Qxc4 Nxg2+
21. Ke2 Bg4 22. Raf1 Nxh4 23. Ke3 Nxf3 24. Rf2 Rd8 25. Nd5 c6 26. Nc7 Bh6+ 27.
Ke2 Rd2+ 28. Kf1 Bh3+ 0-1

[Event "Bad Woerishofen op"]
[Site "?"]
[Date "2000.??.??"]
[Round "3"]
[White "Berchtold, Peter"]
[Black "Fleck, Ronald"]
[Result "1/2-1/2"]
[WhiteElo "1275"]
[BlackElo "1733"]
[PlyCount "57"]
[EventDate "2000.??.??"]

1. d4 Nf6 2. c4 g6 3. Nc3 Bg7 4. e4 d6 5. Bd3 O-O 6. Nge2 e5 7. d5 Ne8 8. O-O
f5 9. exf5 gxf5 10. f4 e4 11. Bc2 Nf6 12. h3 Qe7 13. Be3 Kh8 14. Ng3 Na6 15. a3
Rg8 16. Rb1 Qf7 17. Nce2 Bd7 18. Nd4 Qg6 19. Qe1 Bf8 20. Nde2 Nh5 21. Bf2 Re8
22. Qc3+ Bg7 23. Qe3 Bf6 24. Kh2 Nc5 25. Rg1 Nxg3 26. Nxg3 b6 27. b4 Nb7 28.
Bd1 Re7 29. Bh5 1/2-1/2

[Event "Bad Woerishofen op"]
[Site "?"]
[Date "2000.??.??"]
[Round "5"]
[White "Berchtold, Peter"]
[Black "Wiesbeck, Florian"]
[Result "0-1"]
[WhiteElo "1275"]
[BlackElo "1758"]
[PlyCount "56"]
[EventDate "2000.??.??"]

1. d4 d5 2. Bg5 c6 3. Nc3 Nd7 4. e4 dxe4 5. Nxe4 Qb6 6. Rb1 h6 7. Bh4 g6 8. c3
Bg7 9. Qe2 c5 10. d5 Ngf6 11. Bxf6 Nxf6 12. Qb5+ Bd7 13. Nxf6+ Bxf6 14. Qc4 O-O
15. Nf3 e6 16. Be2 exd5 17. Qxd5 Be6 18. Qd2 Rad8 19. Qxh6 Bxc3+ 20. Nd2 Bxd2+
21. Qxd2 Rxd2 22. Kxd2 Rd8+ 23. Ke1 Bxa2 24. Rd1 Qb4+ 25. Kf1 Rxd1+ 26. Bxd1
Qxb2 27. h4 Bc4+ 28. Ke1 Qc3# 0-1

[Event "Bad Woerishofen op"]
[Site "?"]
[Date "2000.??.??"]
[Round "6"]
[White "Berchtold, Peter"]
[Black "Schmidt, Thomas"]
[Result "0-1"]
[WhiteElo "1275"]
[BlackElo "1715"]
[PlyCount "96"]
[EventDate "2000.??.??"]

1. d4 d6 2. Nf3 Bg4 3. Bg5 Nd7 4. Nc3 Ngf6 5. e4 e5 6. Be2 Be7 7. O-O O-O 8.
Re1 Ne8 9. Nxe5 Bxe2 10. Bxe7 Qxe7 11. Qxe2 dxe5 12. Nd5 Qe6 13. dxe5 c6 14.
Nf4 Qxe5 15. Qg4 Nef6 16. Qf3 Rad8 17. Nd3 Qh5 18. Qg3 Rfe8 19. e5 Nd5 20. f4
Ne7 21. e6 fxe6 22. Rxe6 Nf5 23. Qe1 Qf7 24. Re4 Rxe4 25. Qxe4 Re8 26. Ne5 Nxe5
27. fxe5 Qe6 28. Rf1 Nh6 29. Qb4 b6 30. Re1 Qd5 31. c4 Qd4+ 32. Kh1 Rxe5 33.
Rf1 Rf5 34. Re1 Qf2 35. h3 c5 36. Qc3 Qd4 37. Qg3 Rf8 38. Qc7 Qf2 39. Qe5 Qf7
40. Qd6 Nf5 41. Qe5 Nd4 42. Qg3 Qf2 43. Qc3 h6 44. Qc1 Ne2 45. Qd1 Nf4 46. Rg1
Qg3 47. Qa4 Nxg2 48. Rd1 Qxh3+ 0-1

[Event "Bad Woerishofen op"]
[Site "Bad Woerishofen"]
[Date "2000.??.??"]
[Round "2"]
[White "Bintakies, Michael"]
[Black "Bunzmann, Dimitri"]
[Result "0-1"]
[WhiteElo "2198"]
[BlackElo "2502"]
[PlyCount "54"]
[EventDate "1998.03.05"]
[Source "ChessBase"]
[SourceDate "1998.04.29"]

1. d4 e6 2. Nf3 f5 3. g3 b6 4. Bg2 Bb7 5. O-O Nf6 6. c4 Be7 7. Nc3 Ne4 8. Qc2
Nxc3 9. Qxc3 Bf6 10. b3 c5 11. Bb2 O-O 12. Qd2 Na6 13. Rad1 Qe7 14. Ne5 Bxg2
15. Kxg2 Rad8 16. d5 Bxe5 17. Bxe5 d6 18. Bf4 Qb7 19. f3 e5 20. Bg5 Rde8 21. e4
Qf7 22. Qd3 Nb4 23. Qb1 fxe4 24. fxe4 Qh5 25. Be3 Rxf1 26. Rxf1 Qe2+ 27. Bf2
Nd3 0-1

[Event "Bad Woerishofen op"]
[Site "?"]
[Date "2000.??.??"]
[Round "4"]
[White "Bintakies, Michael"]
[Black "Schellmann, Frank"]
[Result "1-0"]
[WhiteElo "2198"]
[BlackElo "1850"]
[PlyCount "57"]
[EventDate "2000.??.??"]

1. d4 Nf6 2. Nf3 g6 3. Bg5 Bg7 4. Nbd2 d5 5. e3 O-O 6. Be2 b6 7. O-O Bb7 8. a4
c5 9. c3 Nc6 10. Qb1 Qe8 11. b4 cxb4 12. cxb4 Nd7 13. a5 f6 14. a6 Bc8 15. Bh4
e5 16. Bb5 Ndb8 17. Qb3 Qe6 18. dxe5 Nxe5 19. Nxe5 Qxe5 20. Bg3 Qe6 21. e4 f5
22. exd5 Qf6 23. Nf3 Qc3 24. Qa4 f4 25. Rac1 Qf6 26. Bh4 Qd6 27. Rfe1 Bf6 28.
Bxf6 Qxf6 29. Rc7 1-0

[Event "Bad Woerishofen op"]
[Site "?"]
[Date "2000.??.??"]
[Round "6"]
[White "Bintakies, Michael"]
[Black "Lipinski, Fabian"]
[Result "0-1"]
[WhiteElo "2198"]
[BlackElo "2313"]
[PlyCount "108"]
[EventDate "2000.??.??"]

1. d4 d5 2. Nf3 Nf6 3. e3 g6 4. c4 c6 5. Nc3 Bg7 6. Be2 O-O 7. O-O e6 8. b3
Nbd7 9. Bb2 b6 10. Ne5 Nxe5 11. dxe5 Nd7 12. f4 f6 13. cxd5 exd5 14. Nxd5 fxe5
15. Nb4 Bb7 16. Bf3 Qc7 17. Rc1 Nc5 18. Bxe5 Bxe5 19. fxe5 a5 20. Nd3 Rad8 21.
Be2 Rxf1+ 22. Qxf1 Rf8 23. Qe1 Nxd3 24. Bxd3 Qxe5 25. Bc4+ Kh8 26. Qc3 Qxc3 27.
Rxc3 Rd8 28. Rd3 Rxd3 29. Bxd3 Kg7 30. Kf2 Bc8 31. Be4 Bd7 32. Ke2 Kf6 33. Kd2
Ke5 34. Bf3 c5 35. Kc3 b5 36. Be2 Bc6 37. Bf3 Bd7 38. Be2 h6 39. Kd2 g5 40. h3
Be8 41. Kc3 Ke4 42. Kd2 b4 43. Bf3+ Ke5 44. Be2 h5 45. Bf3 h4 46. Be2 a4 47.
Kc2 a3 48. Bf3 Bg6+ 49. Kc1 Bd3 50. Kd2 c4 51. Kc1 cxb3 52. axb3 Be4 53. Bg4
Bxg2 54. Bc8 Bf3 0-1

[Event "Bad Woerishofen op"]
[Site "?"]
[Date "2000.??.??"]
[Round "8"]
[White "Bintakies, Michael"]
[Black "Fischer, Johann"]
[Result "0-1"]
[WhiteElo "2198"]
[BlackElo "2362"]
[PlyCount "88"]
[EventDate "2000.??.??"]

1. d4 c5 2. c3 e6 3. Nf3 Nf6 4. e3 Nc6 5. Bd3 d5 6. Nbd2 Be7 7. O-O O-O 8. dxc5
Bxc5 9. e4 Bb6 10. Qe2 Re8 11. e5 Nd7 12. Nb3 h6 13. Bf4 Nf8 14. Bg3 Bd7 15.
Nfd4 Nxd4 16. Nxd4 Bxd4 17. cxd4 Qb6 18. Rfd1 Rec8 19. Bf4 Be8 20. Rac1 Kh8 21.
Be3 a6 22. Qd2 Bb5 23. Qb4 Rc6 24. Rxc6 Qxc6 25. Rc1 Qe8 26. Bxb5 axb5 27. a3
Ra4 28. Qd6 Rc4 29. b3 Rxc1+ 30. Bxc1 Qc8 31. Bd2 Ng6 32. g3 Qc2 33. Qb4 h5 34.
h4 Kg8 35. Bg5 Qd3 36. Kg2 Nf8 37. Be7 Ng6 38. Bg5 Kh7 39. a4 bxa4 40. Qxa4 b5
41. Qb4 Qe4+ 42. Kg1 Nxe5 43. Qxb5 Nf3+ 44. Kf1 Nxd4 0-1

[Event "Bad Woerishofen op"]
[Site "Bad Woerishofen"]
[Date "2000.??.??"]
[Round "1"]
[White "Bischoff, Dieter"]
[Black "Theuermeister, Peter"]
[Result "1-0"]
[WhiteElo "2188"]
[BlackElo "1752"]
[PlyCount "103"]
[EventDate "1998.03.05"]
[Source "ChessBase"]
[SourceDate "1998.04.29"]

1. d4 Nf6 2. c4 e6 3. Nf3 d5 4. g3 Bb4+ 5. Bd2 Bxd2+ 6. Nbxd2 O-O 7. Bg2 c6 8.
O-O Nbd7 9. Qc2 Re8 10. e4 dxe4 11. Nxe4 Nxe4 12. Qxe4 Nf6 13. Qc2 Bd7 14. b4
Rc8 15. c5 a6 16. Rfe1 Re7 17. Bf1 g6 18. Rab1 Be8 19. h4 h5 20. a3 Ng4 21. Qc1
Rd7 22. Bh3 Qf6 23. Qc3 Rcd8 24. Re4 Nh6 25. Rbe1 Nf5 26. Bxf5 gxf5 27. Rf4 Rd5
28. Qe3 Bd7 29. Ne5 Bc8 30. Kg2 Kg7 31. Rh1 Rh8 32. Nc4 Rdd8 33. Nd6 Rhg8 34.
Re1 Kh7 35. Ne4 Qe7 36. Ng5+ Kg7 37. Rxf5 f6 38. Nxe6+ Bxe6 39. Qxe6 Qxe6 40.
Rxe6 Rgf8 41. Re7+ Kg6 42. Rf4 Rf7 43. Rxf7 Kxf7 44. Kf3 Rd5 45. Ke4 Kg6 46.
Rf3 f5+ 47. Kd3 Kf6 48. Re3 Rd8 49. Kc4 Rg8 50. a4 Rd8 51. Rb3 f4 52. Rf3 1-0

[Event "Bad Woerishofen op"]
[Site "?"]
[Date "2000.??.??"]
[Round "3"]
[White "Bischoff, Dieter"]
[Black "Santl, Anton"]
[Result "1-0"]
[WhiteElo "2188"]
[BlackElo "2009"]
[PlyCount "49"]
[EventDate "2000.??.??"]

1. d4 Nf6 2. c4 g6 3. Nc3 Bg7 4. e4 d6 5. Nf3 O-O 6. h3 e5 7. d5 c5 8. Bg5 h6
9. Be3 b5 10. cxb5 a6 11. Qd2 axb5 12. Bxb5 Qb6 13. Bxh6 Bxh6 14. Qxh6 Ba6 15.
Bxa6 Qxb2 16. Rc1 Nxa6 17. O-O Nb4 18. Nd1 Qxa2 19. Ne3 Nxe4 20. Rc4 f5 21.
Nxf5 Rxf5 22. Rxe4 Rf4 23. Rxf4 exf4 24. Ng5 Ra7 25. Re1 1-0

[Event "Bad Woerishofen op"]
[Site "?"]
[Date "2000.??.??"]
[Round "5"]
[White "Bischoff, Dieter"]
[Black "von Saldern, Ruediger"]
[Result "1-0"]
[WhiteElo "2188"]
[BlackElo "1900"]
[PlyCount "153"]
[EventDate "2000.??.??"]

1. d4 d5 2. Nf3 Nf6 3. c4 e6 4. g3 Be7 5. Bg2 c6 6. Qc2 O-O 7. O-O Nbd7 8. b3
Re8 9. Rd1 b5 10. c5 a5 11. Nbd2 Bf8 12. e4 dxe4 13. Nxe4 Nxe4 14. Qxe4 Nxc5
15. Qc2 Nd7 16. Ng5 g6 17. Bxc6 Rb8 18. Bf4 Rb6 19. d5 e5 20. Be3 Ra6 21. Bxb5
Ra8 22. Rac1 Ba3 23. Rb1 Bb7 24. Qe2 Rc8 25. h4 Rf8 26. h5 Nf6 27. hxg6 hxg6
28. Bc4 e4 29. Kg2 Nxd5 30. Bxd5 Bxd5 31. Rh1 Qf6 32. Rbd1 Qf3+ 33. Nxf3 exf3+
34. Qxf3 Bxf3+ 35. Kxf3 Bb2 36. Rd2 Bc3 37. Rc2 Bf6 38. Rhc1 Rxc2 39. Rxc2 Be7
40. Bd2 Ra8 41. Rc4 Bb4 42. Bc3 Kf8 43. Ke4 Ke7 44. Kd3 Ra6 45. Bd4 Kd6 46. Rc8
Kd5 47. Rd8+ Ke6 48. Rb8 Kf5 49. Rb6 Rxb6 50. Bxb6 Kg4 51. Ke2 Bc3 52. Bc7 g5
53. a3 Kh5 54. Bb6 Bb2 55. Bc5 f5 56. Bb6 Bc3 57. Be3 Bb2 58. Bd2 Bxa3 59. Bxa5
Bd6 60. b4 f4 61. gxf4 gxf4 62. f3 Kg5 63. Kd2 Kf5 64. Kd3 Ke6 65. Kc4 Kd7 66.
b5 Ke6 67. Bb6 Bb8 68. Kc5 Kd7 69. Kd5 Kc8 70. Kc6 Bc7 71. Bd4 Bb8 72. b6 Kd8
73. Bf6+ Ke8 74. Bd4 Ke7 75. Bc5+ Ke6 76. b7 Ke5 77. Bb6 1-0

[Event "Bad Woerishofen op"]
[Site "?"]
[Date "2000.??.??"]
[Round "7"]
[White "Bischoff, Dieter"]
[Black "Beck, Alexander"]
[Result "1/2-1/2"]
[WhiteElo "2188"]
[BlackElo "1932"]
[PlyCount "37"]
[EventDate "2000.??.??"]

1. d4 Nf6 2. c4 e5 3. dxe5 Ng4 4. e3 Nxe5 5. Nh3 Bb4+ 6. Bd2 Bxd2+ 7. Qxd2 d6
8. Nf4 Ng6 9. Nxg6 hxg6 10. Nc3 Nc6 11. Be2 Be6 12. Nd5 Ne5 13. Qc3 c6 14. Nf4
Bf5 15. f3 g5 16. Nd3 Bxd3 17. Bxd3 g4 18. O-O-O Qf6 19. f4 1/2-1/2

[Event "Bad Woerishofen op"]
[Site "?"]
[Date "2000.??.??"]
[Round "9"]
[White "Bischoff, Dieter"]
[Black "Paehtz, Elisabeth"]
[Result "1/2-1/2"]
[WhiteElo "2188"]
[BlackElo "2306"]
[PlyCount "80"]
[EventDate "2000.??.??"]

1. d4 Nf6 2. c4 c5 3. d5 e5 4. Nc3 d6 5. e4 Be7 6. Nf3 Nbd7 7. h3 Nf8 8. g4 h6
9. Be3 Ng6 10. Qd2 a6 11. Bd3 Nh7 12. a3 Ng5 13. Ke2 Nxf3 14. Kxf3 Bg5 15. Bxg5
hxg5 16. Kg3 Qf6 17. f3 Bd7 18. b4 b6 19. Ne2 Ke7 20. Rab1 Rh4 21. bxc5 bxc5
22. Rb7 Rah8 23. Ng1 Qf4+ 24. Qxf4 exf4+ 25. Kf2 Ne5 26. Ke2 Kd8 27. Kd2 Kc8
28. Rb3 Kc7 29. Rh2 Ba4 30. Rb2 Rb8 31. Rxb8 Kxb8 32. Kc3 Kc7 33. Bc2 Bd7 34.
Bd1 Rh8 35. Bc2 Be8 36. Bd1 Bd7 37. Bc2 Kb6 38. Bd1 Ka7 39. Bc2 Kb7 40. Bd1 Kc7
1/2-1/2

[Event "Bad Woerishofen op"]
[Site "Bad Woerishofen"]
[Date "2000.??.??"]
[Round "2"]
[White "Bischoff, Klaus"]
[Black "Vettel, Matthias"]
[Result "1-0"]
[WhiteElo "2544"]
[BlackElo "2206"]
[PlyCount "123"]
[EventDate "1998.03.05"]
[Source "ChessBase"]
[SourceDate "1998.04.29"]

1. c4 e5 2. Nc3 Nf6 3. Nf3 Nc6 4. g3 Bc5 5. Bg2 d6 6. O-O O-O 7. e3 Bg4 8. h3
Bh5 9. d3 h6 10. a3 a6 11. b4 Ba7 12. Bb2 Re8 13. Qc2 Qd7 14. Kh2 Bg6 15. Nd2
Nd8 16. Rac1 c6 17. Nce4 Nxe4 18. dxe4 f6 19. Rfd1 Qe7 20. Nf3 Bh5 21. Rd2 Bf7
22. Qd1 Bb8 23. Nh4 Be6 24. Nf5 Bxf5 25. exf5 Nf7 26. b5 Rc8 27. bxc6 bxc6 28.
Qa4 Qc7 29. Bc3 Ba7 30. Rb1 Bc5 31. Rdb2 Qd7 32. g4 Qe8 33. Bb4 e4 34. Kg1 Ng5
35. Qd1 a5 36. Bxc5 dxc5 37. Qd6 Qe5 38. Qxe5 fxe5 39. h4 Nf3+ 40. Bxf3 exf3
41. Kh2 h5 42. Kg3 hxg4 43. Kxg4 Rf8 44. Rb7 e4 45. Re7 Rae8 46. Rbb7 Rxe7 47.
Rxe7 Rd8 48. Rxe4 Rd3 49. Kxf3 Rxa3 50. Re5 Rc3 51. Rxc5 a4 52. Rxc6 a3 53. Ra6
Rxc4 54. Rxa3 Rxh4 55. Ra7 Rb4 56. e4 Rb2 57. Kg3 Rb4 58. Kf4 Rb2 59. f3 Rb3
60. e5 Rb1 61. Ra6 Kf7 62. f6 1-0

[Event "Bad Woerishofen op"]
[Site "?"]
[Date "2000.??.??"]
[Round "4"]
[White "Bischoff, Klaus"]
[Black "Fahnenschmidt, Gerhard"]
[Result "1-0"]
[WhiteElo "2544"]
[BlackElo "2336"]
[PlyCount "69"]
[EventDate "2000.??.??"]

1. c4 Nf6 2. Nc3 d5 3. cxd5 Nxd5 4. g3 g6 5. Bg2 Nxc3 6. bxc3 Bg7 7. Rb1 Nd7 8.
Nf3 O-O 9. Qc2 c5 10. d3 Qc7 11. Nd2 Nb6 12. c4 Bd7 13. O-O Bc6 14. Bxc6 Qxc6
15. Bb2 e5 16. Ne4 f5 17. Nc3 Rae8 18. e4 fxe4 19. Nxe4 Rf3 20. Qe2 Ref8 21.
Bc1 Qc8 22. Be3 Qg4 23. Kg2 h5 24. h3 Qd7 25. Bxc5 Rxd3 26. Bxf8 Kxf8 27. c5
Nc4 28. Rfd1 Rd4 29. Qxc4 Rxd1 30. Rxd1 Qxd1 31. Nd6 Ke7 32. Qf7+ Kd8 33. Nxb7+
Kc8 34. Nd6+ Kd8 35. Qe8+ 1-0

[Event "Bad Woerishofen op"]
[Site "?"]
[Date "2000.??.??"]
[Round "6"]
[White "Bischoff, Klaus"]
[Black "Heinig, Wolfram"]
[Result "1-0"]
[WhiteElo "2540"]
[BlackElo "2287"]
[PlyCount "73"]
[EventDate "2000.??.??"]

1. c4 g6 2. e4 Bg7 3. d4 d6 4. Nc3 Nd7 5. Nge2 e5 6. Be3 Nh6 7. f3 f5 8. Qd2
Nf7 9. O-O-O f4 10. Bf2 a6 11. Kb1 c6 12. dxe5 dxe5 13. Nc1 Qe7 14. Nb3 O-O 15.
c5 Nf6 16. Bc4 Be6 17. Bxe6 Qxe6 18. Na5 Rfd8 19. Qc2 Rxd1+ 20. Rxd1 Rb8 21.
Na4 Bf8 22. Rd3 Be7 23. Qb3 Qc8 24. Nb6 Qc7 25. Qe6 Kg7 26. Kc2 Nd8 27. Qc4 Nf7
28. b4 Rd8 29. Rxd8 Bxd8 30. Qe6 Qb8 31. Be1 Ng5 32. Qc4 Bxb6 33. cxb6 Qc8 34.
Bc3 Nf7 35. Nb3 Qe8 36. Nc5 Qe7 37. Qe6 1-0

[Event "Bad Woerishofen op"]
[Site "?"]
[Date "2000.??.??"]
[Round "8"]
[White "Bischoff, Klaus"]
[Black "Schaller, Sven"]
[Result "1-0"]
[WhiteElo "2544"]
[BlackElo "2308"]
[PlyCount "57"]
[EventDate "2000.??.??"]

1. Nf3 d5 2. c4 e6 3. d4 Nf6 4. Nc3 Be7 5. Bf4 O-O 6. e3 a6 7. Rc1 dxc4 8. Bxc4
c5 9. dxc5 Bxc5 10. O-O Nbd7 11. Bd3 Be7 12. Qe2 Qa5 13. Nd2 Nh5 14. Nc4 Nxf4
15. exf4 Qd8 16. Rfd1 g6 17. Be4 Ra7 18. g3 Qe8 19. Bg2 b5 20. Na5 Nb8 21. Qe5
Bd7 22. Qd4 Rc7 23. Qb6 Qd8 24. Nb7 Qc8 25. Qxc7 Qxc7 26. Nd5 Qxc1 27. Nxe7+
Kg7 28. Rxc1 Kf6 29. Nc6 1-0

[Event "Bad Woerishofen op"]
[Site "?"]
[Date "2000.??.??"]
[Round "2"]
[White "Blessing, Tobias"]
[Black "Auer, Conny"]
[Result "1/2-1/2"]
[WhiteElo "1740"]
[BlackElo "2035"]
[PlyCount "69"]
[EventDate "2000.??.??"]

1. d4 Nf6 2. Bg5 g6 3. Bxf6 exf6 4. e3 d5 5. Bd3 f5 6. Nd2 Bg7 7. Qf3 c6 8. Ne2
Nd7 9. h3 Nf6 10. O-O-O Be6 11. Kb1 Ne4 12. g4 Nxd2+ 13. Rxd2 fxg4 14. hxg4 Qd7
15. g5 O-O-O 16. Qg3 h6 17. gxh6 Rxh6 18. Rxh6 Bxh6 19. Rd1 Rh8 20. Rh1 Bg7 21.
Rxh8+ Bxh8 22. Qh4 Qe8 23. Nf4 Bd7 24. Kc1 Bxd4 25. Nxd5 Be5 26. Nf4 Qg8 27.
Ne2 Qg7 28. c3 g5 29. Qh1 f5 30. Kd2 Qf7 31. Bb1 c5 32. Qh6 g4 33. Nf4 Bxf4 34.
Qxf4 Qd5+ 35. Kc1 1/2-1/2